| 000 | 00665cam a22002413a 4500 | ||
|---|---|---|---|
| 001 | 20571 | ||
| 003 | PGUSA | ||
| 005 | 20140828083435.0 | ||
| 008 | 070212s2007||||xxu|||||s|||||000 | eng d | ||
| 040 |
_aPGUSA _beng |
||
| 042 | _adc | ||
| 050 | 4 | _aML | |
| 100 | 1 |
_aElson, Arthur, _d1873-1940 |
|
| 245 | 1 | 0 |
_aWoman's Work in Music _h[electronic resource] / _cArthur Elson |
| 260 |
_bProject Gutenberg, _c2007 |
||
| 506 | _aPublic domain in the USA. | ||
| 516 | _aElectronic text | ||
| 653 | _aWomen musicians | ||
| 653 | _aWomen composers -- Biography | ||
| 830 | 0 |
_aProject Gutenberg _v20571 |
|
| 856 | 4 | 0 | _uhttp://www.gutenberg.org/ebooks/20571 |
| 942 | _cEB | ||
| 999 |
_c249826 _d249826 |
||